000 08260nam a22006617a 4500
005 2008090307237.0
008 080903t xxu||||| |||| 00| 0 eng d
010 _aB-271916-950
020 _a8183981453
_c285.00
035 _aB-271916-950
037 _aPragati Prakashan/23296/30.5.08/80/16.5.08/9.6.08/
040 _adpl
_bEnglish
082 _a659.1
100 _aAgarwal, P.K.
245 _aAdvertising management :/
_cby P.K. Agarwal
_ban Indian perspective /
250 _a5th ed
260 _aMeerut
_bPragati Prakashan
_c2007
270 _a240, Western Kutchery Road,
_bMeerut
_e250002
300 _a600, xxvip.:
_c24 cm (pbk)
_bb&w photos
500 _aIncludes glossary
942 _2ddc
_cEN
_mAGA
_h659.1
999 _c19921
_d19921